Statistiques concernant CSGO Top 20 HLTV 2017

Cliquez ici pour prendre le quiz!

Statistiques générales

  • Ce quiz a été pris 12 fois
  • Le résultat moyen est 13 sur 20

Statistiques - réponses

Top #CountryPlayer% Correct
1Brazilcoldzera
100%
6BrazilFalleN
100%
7FrancekennyS
100%
2Bosnia and HerzegovinaNiKo
100%
8Ukraines1mple
100%
5Denmarkdev1ce
89%
10Denmarkdupreeh
89%
3Brazilfer
89%
9SlovakiaGuardiaN
89%
4Norwayrain
89%
13DenmarkXyp9x
67%
12USAEliGE
56%
11KazakhstanHObbit
56%
20PolandSnax
44%
17KazakhstanAdreN
33%
15DenmarkKjaerbye
33%
19Swedenolofmeister
33%
16Czech Republicoskar
22%
18Brazilboltz
11%
14Denmarkk0nfig
11%

Distribution des résultats

Percentile par nombre de réponses

% des personnes avec chaque résultat

Votre développement - résultats

Vous n’avez pas pris ce quiz